000 00803nam a22002297a 4500
999 _c64553
_d64553
005 20240530110737.0
008 180905s2006 ua g 000 0 ara d
017 _a2005/23855
_bمصر. دار الكتب
020 _a9773131319
040 _aEG-CaGPL
_cEG-CaGPL
082 0 4 _221
_a217.1 /
_bأ ن
100 0 _aاحمد راسم النفيس
245 1 0 _aنقض الوهابية /
_cاحمد راسم النفيس
250 _aط.1
260 _aالقاهرة :
_bمركز المحروسة للنشر والخدمات الصحفية والمعلومات،
_c2006.
300 _a120 ص. ؛
_c24 سم.
650 0 7 _2qrmak
_aالحركة الوهابية
650 0 7 _2qrmak
_aالطرق الصوفية
651 _2qrmak
942 _2ddc
_cBK